Špecifiká finančnej štruktúry slovenských podnikov

Analýza finančnej štruktúry slovenských podnikov za roky 2008 – 2016, štruktúra zadlženosti týchto podnikov a ich špecifiká. Získavať dlhodobé finančné zdroje, je možné aj prostredníctvom emisie majetkových cenných papierov vo forme akcií alebo dlhových cenných papierov na kapitálovom trhu, analýza...

Descrizione completa

Salvato in:
Dettagli Bibliografici
Autore principale: Kalusová, Lenka, 1987-
Natura: Capitolo di libro
Lingua:slovacco
Soggetti:
Tags: Aggiungi Tag
Nessun Tag, puoi essere il primo ad aggiungerne!!

MARC

LEADER 00000naa$a2200000$$$4500
001 0250048
005 20240502074013.6
041 0 |a slo 
044 |a SK 
245 1 0 |a Špecifiká finančnej štruktúry slovenských podnikov  |c Lenka Kalusová 
520 |a Analýza finančnej štruktúry slovenských podnikov za roky 2008 – 2016, štruktúra zadlženosti týchto podnikov a ich špecifiká. Získavať dlhodobé finančné zdroje, je možné aj prostredníctvom emisie majetkových cenných papierov vo forme akcií alebo dlhových cenných papierov na kapitálovom trhu, analýza tejto možnosť získavania zdrojov financovania a dôvody, prečo si slovenský kapitálový trh neplní svoje základné funkcie. 
610 2 0 |a štruktúra podniku finančná 
610 2 0 |a zadlženosť vnútorná 
610 2 0 |a zdroje finančné 
610 2 0 |a papiere cenné 
610 2 0 |a emisia 
610 2 0 |a trh kapitálový 
100 1 |a Kalusová, Lenka, 1987-